1650 1084 1294 1925 1613 1925 1052 1800 1566 1687 1626 1384 1414 1926 1274 1399 1593 1763 1821 1877 1121 1364 1668 1039 1843 1283 1556 1963 1572 1169 1181 1770 1051 1661 1220 1306 1338 1516 1834 1240 1282 1144 1190 1809 1995 1608 1546 1951 1912 1469 1148 1474 1446 1493 1546 1956 1257 1667 1208 1210 1454 1379 1196 1596 1941 1239 1841 1577 1703 1566 1804 1077 1623 1509 1221 1033 1538 1674 1741 1842 1334 1772 1794 1461 1418 1746 1549 1283 1568 1002 1513 1464 1447 1785 1407 1870 1707 1917 1990 BCNSPRNW ULIB Ver.6.0+V

เปลี่ยนเป็นภาษาไทย

Change to English
 แสดงรายละเอียดบรรณานุกรม
  กลับหน้าหลัก

Brief Record : Get Marc (ISO 2709) : E-mail record : QR code < ปิดหน้าต่าง
LEADER : 00000nam 2200000uu 4500
001    13399124188
003     ULIB
008    150125s500||||th 000 0 tha d
020    ^a9786162790409
060  4 ^aWO500^bม482H
110 1  ^aมหาวิทยาลัยมหิดล.^bคณะแพทยศาสตร์ศิริราชพยาบาล
245 00 ^aHead neck and breast surgery, volume 6 /^cบรรณาธิการ ; สืบวงศ์ จุฑาภิสิทธิ์, วราภรณ์ อิ่มฤทัยเจริญโชค, มงคล บุญศรีพิทยานนท์
250    ^aพิมพ์ครั้งที่ 1
260    ^aกรุงเทพฯ :^bภาควิชาศัลยศาสตร์ คณะแพทยศาสตร์ศิริราชพยาบาลมหาวิทยาลัยมหิดล,^c2556
300    ^a227 หน้า :^bภาพประกอบ ;^c21 ซม
504    ^aบรรณานุกรมท้ายบท
650  7 ^aศีรษะ^xการผ่าตัด
650  7 ^aคอ^xการผ่าตัด
650  7 ^aหน้าอก^xการผ่าตัด
650  7 ^aเต้านม^xการผ่าตัด
700 0  ^aสืบวงศ์ จุฑาภิสิทธิ์,^eบรรณาธิการ
700 0  ^aวราภรณ์ อิ่มฤทัยเจริญโชค,^eบรรณาธิการ
700 0  ^aมงคล บุญศรีพิทยานนท์,^eบรรณาธิการ
700 0  ^aโสภาคย์ มนัสนยกรณ์.^tBreast conserving surgery afterneoadjuvant systemic treatment
700 0  ^aอภิชัย อังสพัทธ์.^tExperience in microsurgical reconstructionin head and neck cancer
710 2  ^aจุฬาลงกรณ์มหาวิทยาลัย.^bภาควิชาศัลยศาสตร์
945    ^p500^l0^i038881
945    ^p500^l0^i038882
945    ^p500^l0^i038883
999    ^aเกษร โพธิ์สุวรรณ
รายการนี้ยังไม่มีแท็ก
คุณยังไม่ได้ล็อกอิน คุณสามารถมีกิจกรรมร่วมกับเว็บไซต์ได้ แต่ต้องล็อกอินก่อน ::
  ล็อกอิน

รายการสื่อสารสนเทศ

ลำดับที่ ประเภท เลขเรียก/บาร์โค้ด สถานที่ สถานะ
1. วิทยาศาสตร์การแพทย์ และสุขภาพ
หนังสือสำรอง
สถานะ=หนังสือสำรอง
WO500 ม482H ฉ.1 
  Barcode: 038881
ห้องสมุดวิทยาเขตสวรรค์ประชารักษ์
►ส่วนจัดเก็บหนังสือเก่า สปร
บนชั้น
  ขอยืม
2. วิทยาศาสตร์การแพทย์ และสุขภาพ
วิทยาศาสตร์การแพทย์ และสุขภาพ
WO500 ม482H ฉ.2 
  Barcode: 038882
ห้องสมุดวิทยาเขตสวรรค์ประชารักษ์
►ส่วนจัดเก็บหนังสือเก่า สปร
บนชั้น
  ขอยืม
3. วิทยาศาสตร์การแพทย์ และสุขภาพ
วิทยาศาสตร์การแพทย์ และสุขภาพ
WO500 ม482H ฉ.3 
  Barcode: 038883
ห้องสมุดวิทยาเขตสวรรค์ประชารักษ์
►ส่วนจัดเก็บหนังสือเก่า สปร
บนชั้น
  ขอยืม

BibComment


ยังไม่เคยถูกคอมเมนท์

คอมเมนท์ทรัพยากรรายการนี้
  คอมเมนท์: Head neck and br..


 Copyright 2026. Bcnsprnw @Library